<?xml version="1.0" encoding="UTF-8"?>
<record
    xmlns:xsi="http://www.w3.org/2001/XMLSchema-instance"
    xsi:schemaLocation="http://www.loc.gov/MARC21/slim http://www.loc.gov/standards/marcxml/schema/MARC21slim.xsd"
    xmlns="http://www.loc.gov/MARC21/slim">

  <leader>02989nam a2200325 a 4500</leader>
  <controlfield tag="001"> </controlfield>
  <controlfield tag="003">OSt</controlfield>
  <controlfield tag="005">20201103140935.0</controlfield>
  <controlfield tag="008">110602s1897   dr            000 0 spa d</controlfield>
  <datafield tag="040" ind1=" " ind2=" ">
    <subfield code="a">DO-SdBNP</subfield>
    <subfield code="b">spa</subfield>
    <subfield code="c">DO-SdBNP</subfield>
  </datafield>
  <datafield tag="049" ind1=" " ind2=" ">
    <subfield code="a"> </subfield>
  </datafield>
  <datafield tag="082" ind1=" " ind2=" ">
    <subfield code="2">22</subfield>
    <subfield code="a">972.9304</subfield>
    <subfield code="b">E96r  1897</subfield>
  </datafield>
  <datafield tag="111" ind1=" " ind2=" ">
    <subfield code="a">Exposici&#xF3;n Internacional de Bruselas</subfield>
    <subfield code="d">(1897 : </subfield>
    <subfield code="9">77108</subfield>
    <subfield code="c">Bruselas)</subfield>
  </datafield>
  <datafield tag="245" ind1="1" ind2="3">
    <subfield code="a"> La Rep&#xFA;blica Dominicana en la exposici&#xF3;n internacional de Bruselas :</subfield>
    <subfield code="b">memoria descriptiva y cat&#xE1;logo de la secci&#xF3;n dominicana promulgado  por la Junta Central Organizadora del concurso de la exposici&#xF3;n de Bruselas /</subfield>
    <subfield code="c"> </subfield>
  </datafield>
  <datafield tag="246" ind1="1" ind2="3">
    <subfield code="a">La Rep&#xFA;blica Dominicana en la exposici&#xF3;n internacional de Bruselas en 1897</subfield>
  </datafield>
  <datafield tag="260" ind1=" " ind2=" ">
    <subfield code="a">Santo Domingo : </subfield>
    <subfield code="c">1897</subfield>
    <subfield code="b">Cuna de Am&#xE9;rica J.R. Roques </subfield>
  </datafield>
  <datafield tag="300" ind1=" " ind2=" ">
    <subfield code="a">231, ix p. ;</subfield>
    <subfield code="c">23 cm.</subfield>
  </datafield>
  <datafield tag="500" ind1=" " ind2=" ">
    <subfield code="a">La Rep&#xFA;blica asistir&#xE1; al concurso de las artes, ciencia, industria y del trabajo  
</subfield>
  </datafield>
  <datafield tag="505" ind1=" " ind2=" ">
    <subfield code="a">Parte primera : El pa&#xED;s -- Geograf&#xED;a f&#xED;sica : situaci&#xF3;n -- Limites terrestres -- Figura -- Extensi&#xF3;n  -- Costas, fondeaderos y puertos -- Isla adyacentes -- Monta&#xF1;a -- R&#xED;os -- Lagos -- Metodolog&#xED;a y climatolog&#xED;a : lluvias y vientos -- Temporales -- Terremotos -- Temperatura -- Salubridad -- Geolog&#xED;a : or&#xED;genes prehist&#xF3;ricos -- Formaci&#xF3;n terciaria -- Formaci&#xF3;n cuaternaria -- Mineralog&#xED;a : cuarzos y arena aur&#xED;feras -- Plata, cobre y hierro -- Otros minerales no met&#xE1;licos -- Materiales de construcci&#xF3;n  -- Fauna y flora : animales terrestres -- Animales acu&#xE1;ticos --  Aves -- Animales dom&#xE9;sticos --  Los habitantes : antropolog&#xED;a y etnograf&#xED;a : los abor&#xED;genes -- Los africanos -- Ling&#xFC;&#xED;stica y poblaci&#xF3;n : idiomas -- El censo -- Historia : el descubrimiento y la conquista -- La colonia -- La sesi&#xF3;n a Francia --  La incorporaci&#xF3;n a Colombia -- La dominaci&#xF3;n haitiana -- La independencia -- La anexi&#xF3;n -- La restauraci&#xF3;n -- Organizaci&#xF3;n pol&#xED;tica : derecho constituido -- Administraci&#xF3;n civil -- Administraci&#xF3;n religiosa -- Instrucci&#xF3;n p&#xFA;blica -- Relaciones exteriores -- Representaci&#xF3;n internacional -- Estados Unidos -- Francia -- Grecia -- Hait&#xED; -- Italia -- M&#xE9;jico -- Paises  bajos -- Portugal -- Per&#xFA; -- Santa Sede -- Suecia y Noruega -- Uruguay -- Venezuela -- Servicios postal -- Hacienda nacional -- La exposici&#xF3;n -- Cat&#xE1;logo parcial : clasificaci&#xF3;n general.</subfield>
  </datafield>
  <datafield tag="590" ind1=" " ind2=" ">
    <subfield code="a">Inventariado, 2020/VM</subfield>
  </datafield>
  <datafield tag="610" ind1="1" ind2="4">
    <subfield code="a">Rep&#xFA;blica Dominicana. Junta Central Organizadora </subfield>
    <subfield code="9">77109</subfield>
  </datafield>
  <datafield tag="650" ind1=" " ind2="4">
    <subfield code="a">Promoci&#xF3;n de exportaci&#xF3;nes</subfield>
    <subfield code="z">Rep&#xFA;blica Dominicana</subfield>
    <subfield code="v">Congresos, conferencias, etc.</subfield>
    <subfield code="9">77110</subfield>
  </datafield>
  <datafield tag="651" ind1=" " ind2="4">
    <subfield code="a">Rep&#xFA;blica Dominicana  </subfield>
    <subfield code="x">Comercio exterior.</subfield>
    <subfield code="v">Congresos, conferencias, etc.</subfield>
    <subfield code="9">77111</subfield>
  </datafield>
  <datafield tag="651" ind1=" " ind2="4">
    <subfield code="a">B&#xE9;lgica</subfield>
    <subfield code="x">Comercio exterior.</subfield>
    <subfield code="v">Congresos, conferencias, etc. </subfield>
    <subfield code="9">77112</subfield>
  </datafield>
  <datafield tag="651" ind1=" " ind2="4">
    <subfield code="a">Rep&#xFA;blica Dominicana  </subfield>
    <subfield code="x">Tratados comerciales.</subfield>
    <subfield code="v">Congresos, conferencias, etc. </subfield>
    <subfield code="v"> </subfield>
    <subfield code="v"> </subfield>
    <subfield code="y"> </subfield>
    <subfield code="9">77113</subfield>
  </datafield>
  <datafield tag="651" ind1=" " ind2="4">
    <subfield code="a">Rep&#xFA;blica Dominicana</subfield>
    <subfield code="x">Historia</subfield>
    <subfield code="9">170</subfield>
  </datafield>
  <datafield tag="910" ind1=" " ind2=" ">
    <subfield code="a">VMateo/Validado. Control de calidad MFF</subfield>
  </datafield>
  <datafield tag="942" ind1=" " ind2=" ">
    <subfield code="2">ddc</subfield>
    <subfield code="c">LBS1</subfield>
  </datafield>
  <datafield tag="952" ind1=" " ind2=" ">
    <subfield code="0">0</subfield>
    <subfield code="1">0</subfield>
    <subfield code="2">ddc</subfield>
    <subfield code="5">1</subfield>
    <subfield code="7">1</subfield>
    <subfield code="8">RV</subfield>
    <subfield code="a">BNPHU</subfield>
    <subfield code="b">PD</subfield>
    <subfield code="d">2020-11-03</subfield>
    <subfield code="e">Julio Ortega Frier</subfield>
    <subfield code="l">0</subfield>
    <subfield code="o">BNPHU PD-RV    972.9304 E96r 1897</subfield>
    <subfield code="p">2020-0347</subfield>
    <subfield code="r">2020-11-03</subfield>
    <subfield code="w">2020-11-03</subfield>
    <subfield code="y">LBS1</subfield>
    <subfield code="z">Perteneci&#xF3; a la biblioteca personal de Julio Ortega Frier </subfield>
  </datafield>
  <datafield tag="956" ind1=" " ind2=" ">
    <subfield code="a">VMateo </subfield>
  </datafield>
  <datafield tag="999" ind1=" " ind2=" ">
    <subfield code="c">49026</subfield>
    <subfield code="d">49026</subfield>
  </datafield>
</record>
